Forensic Psychology in Germany Witnessing Crime, 1880-1939 /

This book examines the emergence and early development of forensic psychology in Germany from the late nineteenth century until the outbreak of the Second World War, highlighting the field's interdisciplinary beginnings and contested evolution. Initially envisaged as a psychology of all those i...

Full description

Bibliographic Details
Main Author: Wolffram, Heather (Author, http://id.loc.gov/vocabulary/relators/aut)
Corporate Author: SpringerLink (Online service)
Format: Electronic eBook
Language:English
Published: Cham : Springer International Publishing : Imprint: Palgrave Macmillan, 2018.
Edition:1st ed. 2018.
Subjects:
Online Access:Full Text via HEAL-Link
LEADER 03388nam a2200493 4500
001 978-3-319-73594-8
003 DE-He213
005 20191024021739.0
007 cr nn 008mamaa
008 180307s2018 gw | s |||| 0|eng d
020 |a 9783319735948  |9 978-3-319-73594-8 
024 7 |a 10.1007/978-3-319-73594-8  |2 doi 
040 |d GrThAP 
050 4 |a RA1148 
072 7 |a JMK  |2 bicssc 
072 7 |a PSY014000  |2 bisacsh 
072 7 |a JMK  |2 thema 
082 0 4 |a 614.15  |2 23 
100 1 |a Wolffram, Heather.  |e author.  |4 aut  |4 http://id.loc.gov/vocabulary/relators/aut 
245 1 0 |a Forensic Psychology in Germany  |h [electronic resource] :  |b Witnessing Crime, 1880-1939 /  |c by Heather Wolffram. 
250 |a 1st ed. 2018. 
264 1 |a Cham :  |b Springer International Publishing :  |b Imprint: Palgrave Macmillan,  |c 2018. 
300 |a VII, 257 p.  |b online resource. 
336 |a text  |b txt  |2 rdacontent 
337 |a computer  |b c  |2 rdamedia 
338 |a online resource  |b cr  |2 rdacarrier 
347 |a text file  |b PDF  |2 rda 
505 0 |a 1. Introduction: Witnessing Crime -- 2. The Birth Of Forensic Psychology - The Berchtold Trial -- 3. Establishing the Psychology of Testimony -- 4. Forensic Psychology Beyond the Witness -- 5. Expertise Contested -- 6. Forensic Psychology in the Courtroom - The Frenzel Trial -- 7. Forensic Psychology under the Swastika -- 8. Conclusion: Forensic Psychology on the Eve of the War. 
520 |a This book examines the emergence and early development of forensic psychology in Germany from the late nineteenth century until the outbreak of the Second World War, highlighting the field's interdisciplinary beginnings and contested evolution. Initially envisaged as a psychology of all those involved in criminal proceedings, this new discipline promised to move away from an exclusive focus on the criminal to provide a holistic view of how human fallibility impacted upon criminal justice. As this book argues, however, by the inter-war period, forensic psychology had largely become a psychology of the witness; its focus narrowed by the exigencies of the courtroom. Utilising detailed studies of the 1896 Berchtold trial and the 1930 Frenzel trial, the book asks whether the tensions between psychiatry, psychology, forensic medicine, pedagogy and law over psychological expertise were present in courtroom practice and considers why a clear winner in the "battle for forensic psychology" had yet to emerge by 1939. . 
650 0 |a Forensic psychology. 
650 0 |a Psychology. 
650 0 |a Criminology. 
650 1 4 |a Forensic Psychology.  |0 http://scigraph.springernature.com/things/product-market-codes/Y20130 
650 2 4 |a History of Psychology.  |0 http://scigraph.springernature.com/things/product-market-codes/Y28000 
650 2 4 |a Law and Psychology.  |0 http://scigraph.springernature.com/things/product-market-codes/Y34000 
650 2 4 |a Criminology and Criminal Justice, general.  |0 http://scigraph.springernature.com/things/product-market-codes/1B0000 
710 2 |a SpringerLink (Online service) 
773 0 |t Springer eBooks 
776 0 8 |i Printed edition:  |z 9783319735931 
776 0 8 |i Printed edition:  |z 9783319735955 
776 0 8 |i Printed edition:  |z 9783030088187 
856 4 0 |u https://doi.org/10.1007/978-3-319-73594-8  |z Full Text via HEAL-Link 
912 |a ZDB-2-BSP 
950 |a Behavioral Science and Psychology (Springer-41168)